[Event "C.to Mondiale U12"]
[Site "Vung Tau VIE"]
[Date "2008.10.26"]
[Round "7"]
[White "Codenotti, Marco"]
[Black "Filatov, Semen"]
[Result "0-1"]
[WhiteElo "2051"]
[BlackElo "1443"]
[PlyCount "62"]
[EventDate "2008.10.20"]

1. e4 c5 2. Nf3 d6 3. d4 cxd4 4. Nxd4 Nf6 5. Nc3 g6 6. Bc4 Bg7 7. O-O O-O 8.
Re1 Nc6 9. Bb3 Bd7 10. Bg5 Qb6 11. Nxc6 Bxc6 12. Qd2 Rfd8 13. Rad1 Rac8 14. Qf4
Qc7 15. Qh4 Re8 16. Re3 a6 17. Bxf6 Bxf6 18. Bxf7+ Kxf7 19. Qxh7+ Ke6 20. e5
dxe5 21. f4 Qb6 22. Rdd3 Rcd8 23. Qxg6 Rxd3 24. Qxd3 Rd8 25. Qe2 e4 26. Kf1
Bxc3 27. Qc4+ Bd5 28. Qxc3 Qd6 29. g3 Bc6 30. Re2 Bb5 31. Qb3+ Qd5 0-1

[Event "C.to Mondiale U12"]
[Site "Vung Tau VIE"]
[Date "2008.10.27"]
[Round "8"]
[White "Papakonstantinou, Dimitrios"]
[Black "Codenotti, Marco"]
[Result "1-0"]
[WhiteElo "1759"]
[BlackElo "2051"]
[PlyCount "59"]
[EventDate "2008.10.20"]

1. e4 c5 2. Nf3 e6 3. d3 Nc6 4. g3 Nge7 5. Bg2 g6 6. O-O Bg7 7. Re1 d6 8. c3 b5
9. d4 cxd4 10. cxd4 O-O 11. Nc3 a6 12. Bf4 e5 13. dxe5 dxe5 14. Bg5 Bg4 15. Nd5
f6 16. Be3 Nxd5 17. exd5 Na5 18. Bc5 Re8 19. b3 Rc8 20. Bb4 Bxf3 21. Bxf3 f5
22. d6 Rb8 23. d7 Re7 24. Bxe7 Qxe7 25. Rc1 Rd8 26. Rc8 Bf6 27. Rxd8+ Qxd8 28.
Qd6 e4 29. Bxe4 fxe4 30. Rxe4 1-0

[Event "C.to Mondiale U12"]
[Site "Vung Tau VIE"]
[Date "2008.10.27"]
[Round "8"]
[White "Zito, Riccardo"]
[Black "Mikes, Jan"]
[Result "0-1"]
[WhiteElo "1575"]
[BlackElo "1815"]
[PlyCount "36"]
[EventDate "2008.10.20"]

1. e4 c5 2. Nf3 d6 3. d4 cxd4 4. Nxd4 Nf6 5. Nc3 Nc6 6. Bg5 Bd7 7. Be2 Qa5 8.
Nxc6 Bxc6 9. Bd2 Qe5 10. f3 Qc5 11. Bf4 Nh5 12. Bc1 g6 13. Qd3 Bg7 14. Be3 Qb4
15. O-O Qxb2 16. Bd4 Nf4 17. Qd2 Bxd4+ 18. Qxd4 Qxc3 0-1

[Event "C.to Mondiale U12"]
[Site "Vung Tau VIE"]
[Date "2008.10.29"]
[Round "10"]
[White "Pajoum Tajani, Farbod"]
[Black "Zito, Riccardo"]
[Result "0-1"]
[WhiteElo "1833"]
[BlackElo "1575"]
[PlyCount "78"]
[EventDate "2008.10.20"]

1. e4 Nf6 2. e5 Nd5 3. d4 d6 4. Nf3 Bg4 5. Be2 e6 6. c4 Nb6 7. Nc3 Be7 8. O-O
O-O 9. Be3 d5 10. c5 N6d7 11. Nd2 Bxe2 12. Nxe2 Nc6 13. Nf4 Bg5 14. Qg4 Bxf4
15. Bxf4 Nxd4 16. Bg5 Nxe5 17. Qxd4 Qxg5 18. f4 Nc6 19. Qe3 Qe7 20. Rac1 e5 21.
Rfe1 e4 22. Qb3 Qd7 23. Rcd1 f5 24. Nf1 Rfd8 25. Ne3 Ne7 26. Qxb7 Rdb8 27. Qa6
Rxb2 28. Nc4 Rbb8 29. Ne5 Qc8 30. Qa4 c6 31. Qd4 a5 32. Re3 Rb4 33. Qa1 Ra6 34.
Nd3 Rb7 35. Rg3 Ng6 36. Ne5 Nxf4 37. Kf1 Qe8 38. Qc3 Re7 39. Qd2 Nh5 0-1

[Event "C.to Mondiale U12"]
[Site "Vung Tau VIE"]
[Date "2008.10.30"]
[Round "11"]
[White "Codenotti, Marco"]
[Black "Ng, Isaac"]
[Result "1-0"]
[WhiteElo "2051"]
[BlackElo "1584"]
[PlyCount "57"]
[EventDate "2008.10.20"]

1. e4 e6 2. d3 d5 3. Nd2 c5 4. Ngf3 Nc6 5. g3 Bd6 6. Bg2 Nge7 7. O-O O-O 8. Nh4
Qc7 9. f4 f6 10. c3 Bd7 11. Qe2 d4 12. Nhf3 b5 13. e5 fxe5 14. fxe5 Nxe5 15.
Nxe5 Bxe5 16. Bxa8 Rxa8 17. Nf3 Bd6 18. Ng5 Rf8 19. Rxf8+ Kxf8 20. Qf3+ Nf5 21.
g4 Bxh2+ 22. Kg2 h6 23. gxf5 exf5 24. Qh3 Bd6 25. Nf3 g5 26. Qxh6+ Ke8 27. Bxg5
Bc6 28. Re1+ Kd7 29. Qe6# 1-0

[Event "C.to Mondiale U12"]
[Site "Vung Tau VIE"]
[Date "2008.10.30"]
[Round "11"]
[White "Zito, Riccardo"]
[Black "Saranapala, Nimantha"]
[Result "0-1"]
[WhiteElo "1575"]
[BlackElo "1854"]
[PlyCount "46"]
[EventDate "2008.10.20"]

1. e4 c5 2. Nf3 d6 3. d4 cxd4 4. Nxd4 Nf6 5. Nc3 a6 6. Bg5 e6 7. f4 Be7 8. Qf3
Qc7 9. O-O-O Nbd7 10. g4 b5 11. Bxf6 Nxf6 12. g5 Nd7 13. f5 Nc5 14. f6 gxf6 15.
gxf6 Bf8 16. Rg1 h5 17. Rg7 Bb7 18. Rg3 b4 19. Nb1 Bxe4 20. Qf2 Bh6+ 21. Nd2 e5
22. Qe2 exd4 23. Bg2 Nb3+ 0-1

[Event "C.to Mondiale U12 femminile"]
[Site "Vung Tau VIE"]
[Date "2008.10.30"]
[Round "11"]
[White "Milutinovic, Stefana"]
[Black "Balzano, Filli"]
[Result "1/2-1/2"]
[WhiteElo "1627"]
[BlackElo "1777"]
[PlyCount "46"]
[EventDate "2008.10.20"]

1. d4 c6 2. c4 d5 3. Nc3 Nf6 4. Nf3 e6 5. Bg5 Nbd7 6. cxd5 exd5 7. e3 Bd6 8.
Qc2 O-O 9. Bd3 g6 10. O-O Re8 11. Rab1 a5 12. a3 Bf8 13. b4 axb4 14. axb4 b6
15. b5 c5 16. Nxd5 Bb7 17. Nxf6+ Nxf6 18. dxc5 Bxf3 19. gxf3 Bxc5 20. Rfd1 Qe7
21. Qb2 Kg7 22. Bxf6+ Qxf6 23. Qxf6+ Kxf6 1/2-1/2

[Event "C.to Mondiale U14"]
[Site "Vung Tau VIE"]
[Date "2008.10.20"]
[Round "1"]
[White "Berchtenbreiter, Maximilian"]
[Black "Bisi, Samuele"]
[Result "1-0"]
[WhiteElo "2116"]
[BlackElo "1626"]
[PlyCount "107"]
[EventDate "2008.10.20"]

1. e4 e5 2. Nf3 Nf6 3. Bc4 d5 4. exd5 e4 5. Qe2 Bg4 6. d3 Bd6 7. dxe4 O-O 8.
O-O Re8 9. Nc3 Nxe4 10. Nxe4 f5 11. Bg5 Qd7 12. Bb5 c6 13. dxc6 Nxc6 14. Qc4+
Kh8 15. Nxd6 Qxd6 16. Bf4 Qg6 17. Bxc6 bxc6 18. Ne5 Qf6 19. Nxg4 fxg4 20. Rae1
h6 21. Bd2 Rad8 22. Bc3 Qd6 23. Qxg4 Qf8 24. Qg6 Rxe1 25. Rxe1 Rc8 26. Re3 Rd8
27. Qxh6+ Kg8 28. Qe6+ Qf7 29. Qxf7+ Kxf7 30. f3 Rd1+ 31. Kf2 Ra1 32. a3 Rh1
33. h3 Rc1 34. Re2 Rd1 35. Bb4 Rd7 36. Re7+ Rxe7 37. Bxe7 Kxe7 38. Ke3 Ke6 39.
Kd4 Kd6 40. h4 c5+ 41. Ke4 Ke6 42. g4 a6 43. h5 a5 44. g5 a4 45. f4 c4 46. f5+
Kd6 47. Kd4 Ke7 48. Kxc4 Kf7 49. Kb5 Ke7 50. c4 Kf7 51. c5 Ke7 52. c6 Kf7 53.
c7 Ke7 54. c8=Q 1-0

[Event "C.to Mondiale U14"]
[Site "Vung Tau VIE"]
[Date "2008.10.21"]
[Round "2"]
[White "Bisi, Samuele"]
[Black "Nader, Mohamed"]
[Result "1/2-1/2"]
[WhiteElo "1626"]
[BlackElo "2041"]
[PlyCount "96"]
[EventDate "2008.10.20"]

1. d4 Nf6 2. c4 g6 3. Nc3 d5 4. cxd5 Nxd5 5. e4 Nxc3 6. bxc3 c5 7. Be3 Bg7 8.
Rc1 Qa5 9. Qd2 Nc6 10. d5 Ne5 11. Be2 O-O 12. f4 Ng4 13. Bxg4 Bxg4 14. h3 Bd7
15. Nf3 Qc7 16. O-O b5 17. Qf2 c4 18. Nd4 a5 19. e5 b4 20. e6 fxe6 21. dxe6
Bxd4 22. Bxd4 Bxe6 23. Rce1 Bd5 24. Qh4 e6 25. f5 Rxf5 26. Rxf5 gxf5 27. Qf6
Ra7 28. Re3 Rb7 29. Qg5+ Kf8 30. Rg3 b3 31. Qg8+ Ke7 32. Rg7+ Kd6 33. Rxc7 Kxc7
34. axb3 cxb3 35. Qf7+ Kc6 36. Qe8+ Rd7 37. Qc8+ Rc7 38. Qa6+ Kd7 39. c4 Rxc4
40. Qb5+ Ke7 41. Qxa5 Be4 42. Qa3+ Kd7 43. Bb2 Bd5 44. Qa7+ Rc7 45. Qa4+ Ke7
46. Qh4+ Ke8 47. Qf6 Rf7 48. Qh8+ Kd7 1/2-1/2

[Event "C.to Mondiale U14"]
[Site "Vung Tau VIE"]
[Date "2008.10.21"]
[Round "2"]
[White "Bukavshin, Ivan"]
[Black "Paltrinieri, Nicholas"]
[Result "1-0"]
[WhiteElo "2376"]
[BlackElo "1948"]
[PlyCount "85"]
[EventDate "2008.10.20"]

1. d4 f5 2. c4 Nf6 3. Nc3 g6 4. h4 h6 5. Nh3 c5 6. d5 e5 7. dxe6 dxe6 8. Qxd8+
Kxd8 9. Nf4 Rg8 10. Be3 g5 11. hxg5 hxg5 12. O-O-O+ Ke8 13. Nd3 b6 14. Nb5 Na6
15. f3 Bb7 16. Ne5 Bc8 17. g3 Nd7 18. Nc6 Bb7 19. Nd6+ Bxd6 20. Rxd6 Nf8 21.
Ne5 Ke7 22. Rd1 Nb4 23. Rh5 Kf6 24. Nd7+ Nxd7 25. Rxd7 Bc6 26. Rdh7 Nxa2+ 27.
Kd2 g4 28. fxg4 Rxg4 29. Bf4 Rg6 30. Bh3 Rd8+ 31. Ke1 Rd7 32. Rh8 Rf7 33. Bd6
Be4 34. Re8 Nb4 35. g4 Nc2+ 36. Kf2 Rxg4 37. Bxg4 fxg4 38. Kg3 Bf5 39. e4 Bxe4
40. Be5+ Kg6 41. Kh4 Rh7 42. Rxh7 Kxh7 43. Kg5 1-0

[Event "C.to Mondiale U14"]
[Site "Vung Tau VIE"]
[Date "2008.10.22"]
[Round "3"]
[White "Ghaziolsharif, Kaveh"]
[Black "Bisi, Samuele"]
[Result "1-0"]
[WhiteElo "2014"]
[BlackElo "1626"]
[PlyCount "137"]
[EventDate "2008.10.20"]

1. e4 e5 2. Bc4 Bc5 3. Nf3 Nc6 4. c3 Nf6 5. d3 O-O 6. O-O d6 7. Bb3 h6 8. h3
Be6 9. Bc2 d5 10. Qe2 d4 11. Nbd2 Qd7 12. Re1 Rad8 13. Nf1 Rfe8 14. Ng3 a6 15.
Nh4 dxc3 16. bxc3 b5 17. a3 Nh7 18. Nhf5 f6 19. Qh5 Kh8 20. Nh4 Bf7 21. Qf3 a5
22. Ngf5 b4 23. axb4 axb4 24. Qg3 Rg8 25. Bd2 b3 26. Bxb3 g5 27. Bxf7 gxh4 28.
Qxh4 Qxf7 29. Nxh6 Qg6 30. Nxg8 Rxg8 31. Qg4 Qf7 32. Qf3 Qb3 33. Rec1 Qb2 34.
Be1 Rd8 35. Rab1 Qa3 36. d4 exd4 37. cxd4 Nxd4 38. Qxa3 Bxa3 39. Rxc7 Ng5 40.
Bc3 Ne2+ 41. Kf1 Nxc3 42. Rxc3 Bf8 43. Rc4 Bh6 44. Rb6 Bg7 45. Ke2 Nf7 46. f4
Kg8 47. Rcb4 Bf8 48. Rb3 Nd6 49. Rd3 Be7 50. e5 fxe5 51. fxe5 Nf7 52. Rxd8+
Nxd8 53. Kf3 Kf7 54. Kg4 Ne6 55. h4 Ng7 56. h5 Ne6 57. h6 Nf8 58. Kf5 Bc5 59.
Rb7+ Be7 60. Rb6 Bc5 61. Rc6 Be7 62. g4 Bb4 63. g5 Ba3 64. e6+ Kg8 65. g6 Bb4
66. g7 Nh7 67. Rc8+ Nf8 68. gxf8=Q+ Bxf8 69. e7 1-0

[Event "C.to Mondiale U14"]
[Site "Vung Tau VIE"]
[Date "2008.10.22"]
[Round "3"]
[White "Paltrinieri, Nicholas"]
[Black "Tran, Quang Khai"]
[Result "1-0"]
[WhiteElo "1948"]
[BlackElo "2017"]
[PlyCount "131"]
[EventDate "2008.10.20"]

1. f4 d5 2. Nf3 g6 3. d3 Nf6 4. g3 Bg7 5. Bg2 c6 6. O-O Qb6+ 7. e3 Nbd7 8. Nc3
O-O 9. Kh1 Ng4 10. Qe2 e5 11. h3 Ngf6 12. e4 Re8 13. Nh4 Nh5 14. Kh2 exf4 15.
gxf4 dxe4 16. dxe4 Qc7 17. Qf2 Nf8 18. Ne2 Ne6 19. Ng3 Nxg3 20. Qxg3 Nd4 21.
Rf2 Qe7 22. c3 Bf6 23. Nf3 Nxf3+ 24. Qxf3 Bg7 25. Be3 Bd7 26. Rd1 c5 27. Rfd2
Bc6 28. Qf2 b6 29. e5 Bxg2 30. Kxg2 Rad8 31. Qe2 Rxd2 32. Qxd2 Qb7+ 33. Kf2 Qe4
34. Qd7 Rf8 35. Qxa7 Bh6 36. Qxb6 Bxf4 37. Qxc5 Bxe5 38. Qd5 Qh4+ 39. Ke2 Bg7
40. Rf1 Qxh3 41. Rf2 Qg4+ 42. Kd2 Qc8 43. Kc2 Qc7 44. Qc5 Qd7 45. Qc4 Rd8 46.
Rd2 Qf5+ 47. Kc1 Re8 48. Qd3 Qe6 49. Bf4 Qxa2 50. Qd7 Qa1+ 51. Kc2 Qe1 52. b4
Qe4+ 53. Kb3 h6 54. Bd6 Qb1+ 55. Kc4 Re4+ 56. Kb5 Qf1+ 57. Kb6 Bxc3 58. Qc8+
Kh7 59. Qxc3 Re6 60. Qc5 Qf6 61. b5 Qd8+ 62. Qc7 Qe8 63. Ka7 Kg7 64. Rd5 Re2
65. Kb7 Rb2 66. Re5 1-0

[Event "C.to Mondiale U14"]
[Site "Vung Tau VIE"]
[Date "2008.10.22"]
[Round "4"]
[White "Bisi, Samuele"]
[Black "Feng, Thomas"]
[Result "1-0"]
[WhiteElo "1626"]
[BlackElo "1610"]
[PlyCount "63"]
[EventDate "2008.10.20"]

1. d4 Nf6 2. c4 g6 3. Nc3 Bg7 4. e4 d6 5. Nf3 O-O 6. Be2 c5 7. d5 Nbd7 8. O-O
Qc7 9. Be3 Nb6 10. Rc1 a6 11. Qd2 Ng4 12. Bf4 f5 13. Ng5 h6 14. Ne6 Bxe6 15.
dxe6 g5 16. Bxg4 fxg4 17. Bg3 Nxc4 18. Qe2 b5 19. Nd5 Qb7 20. Qxg4 Nb6 21. Rcd1
Bxb2 22. Ne3 Qc8 23. Nf5 Qxe6 24. h4 d5 25. f4 Qxe4 26. Nxh6+ Kh7 27. hxg5 Nc4
28. Qh5 Bd4+ 29. Rxd4 Qxd4+ 30. Bf2 Qe4 31. Nf5+ Kg8 32. Qg6+ 1-0

[Event "C.to Mondiale U14"]
[Site "Vung Tau VIE"]
[Date "2008.10.22"]
[Round "4"]
[White "Kantans, Toms"]
[Black "Paltrinieri, Nicholas"]
[Result "1-0"]
[WhiteElo "2146"]
[BlackElo "1948"]
[PlyCount "75"]
[EventDate "2008.10.20"]

1. Nf3 f5 2. c4 Nf6 3. g3 d6 4. d4 g6 5. Bg2 Bg7 6. O-O O-O 7. Nc3 Nc6 8. d5
Na5 9. Qd3 c5 10. Bd2 e5 11. dxe6 Bxe6 12. b3 Nc6 13. Rad1 Qe7 14. Bf4 Ne8 15.
Nd5 Bxd5 16. Qxd5+ Kh8 17. Bxd6 Nxd6 18. Qxd6 Qxd6 19. Rxd6 Rad8 20. Rfd1 Rxd6
21. Rxd6 Rd8 22. Ng5 Rxd6 23. Nf7+ Kg8 24. Nxd6 Nd4 25. e3 Ne2+ 26. Kf1 Nc1 27.
Bd5+ Kh8 28. Nxb7 Bf8 29. b4 Nxa2 30. bxc5 Nb4 31. Ke2 Na6 32. c6 Be7 33. Kd3
Kg7 34. f4 h6 35. c5 Kf6 36. Kc4 Bf8 37. Nd6 Be7 38. Ne8# 1-0

[Event "C.to Mondiale U14"]
[Site "Vung Tau VIE"]
[Date "2008.10.23"]
[Round "5"]
[White "Navalgund, Niranjan"]
[Black "Bisi, Samuele"]
[Result "1-0"]
[WhiteElo "2064"]
[BlackElo "1626"]
[PlyCount "99"]
[EventDate "2008.10.20"]

1. d4 Nf6 2. Nf3 d5 3. c4 c6 4. Qc2 e6 5. g3 Bd6 6. Bg2 O-O 7. Nbd2 Nbd7 8. O-O
e5 9. dxe5 Nxe5 10. b3 Re8 11. Bb2 dxc4 12. Nxc4 Nxc4 13. bxc4 b6 14. Nd4 Bb7
15. Nxc6 Qc7 16. Nd4 Bxg2 17. Kxg2 Be5 18. Rac1 Rac8 19. Rfd1 Nd7 20. Kg1 Nc5
21. Nb5 Qb8 22. Rd5 a6 23. Nd4 Bxd4 24. Bxd4 Ne6 25. Be3 Red8 26. Qb2 Rc6 27.
h4 Qc7 28. Rxd8+ Qxd8 29. Qe5 Qd6 30. Qxd6 Rxd6 31. Rb1 Kf8 32. Rxb6 Rxb6 33.
Bxb6 Ke7 34. e4 Kd6 35. f4 f6 36. Kf2 Nc5 37. e5+ fxe5 38. fxe5+ Kc6 39. Bxc5
Kxc5 40. Ke3 Kc6 41. Kd4 Kd7 42. Kd5 g6 43. g4 h6 44. c5 a5 45. a4 g5 46. h5
Ke7 47. c6 Kd8 48. Kd6 Kc8 49. c7 Kb7 50. e6 1-0

[Event "C.to Mondiale U14"]
[Site "Vung Tau VIE"]
[Date "2008.10.26"]
[Round "7"]
[White "Flander, Nejc"]
[Black "Bisi, Samuele"]
[Result "1-0"]
[WhiteElo "1844"]
[BlackElo "1626"]
[PlyCount "39"]
[EventDate "2008.10.20"]

1. e4 e5 2. f4 d5 3. exd5 e4 4. d3 exd3 5. Bxd3 Nf6 6. Nf3 Nxd5 7. O-O Bc5+ 8.
Kh1 O-O 9. Bc4 Nb6 10. Bd3 Nc6 11. Ng5 Nd5 12. Bxh7+ Kh8 13. Qh5 Nf6 14. Qh4
Ng4 15. Be4+ Nh6 16. Bxc6 bxc6 17. Nxf7+ Rxf7 18. Qxd8+ Rf8 19. Qg5 Bb6 20. c4
1-0

[Event "C.to Mondiale U14"]
[Site "Vung Tau VIE"]
[Date "2008.10.27"]
[Round "8"]
[White "Law, Mark"]
[Black "Bisi, Samuele"]
[Result "1/2-1/2"]
[WhiteElo "1845"]
[BlackElo "1626"]
[PlyCount "25"]
[EventDate "2008.10.20"]

1. d4 Nf6 2. c4 e6 3. Nc3 Bb4 4. Qc2 b6 5. a3 Be7 6. Nf3 Bb7 7. Bf4 O-O 8. e3
c5 9. Bd3 h6 10. O-O d5 11. Rad1 Nh5 12. Be5 cxd4 13. Bxd4 1/2-1/2

[Event "C.to Mondiale U14"]
[Site "Vung Tau VIE"]
[Date "2008.10.28"]
[Round "9"]
[White "Bisi, Samuele"]
[Black "Hansen, Pal Andreas"]
[Result "0-1"]
[WhiteElo "1626"]
[BlackElo "2074"]
[PlyCount "50"]
[EventDate "2008.10.20"]

1. d4 Nf6 2. c4 e6 3. Nc3 Bb4 4. Bg5 c5 5. e3 Qa5 6. Qc2 Ne4 7. Qxe4 Bxc3+ 8.
Kd1 Bxb2 9. Rb1 cxd4 10. Rxb2 Qxg5 11. Nf3 Qg6 12. Qxd4 Nc6 13. Qc3 O-O 14. Be2
d5 15. cxd5 exd5 16. g3 Bg4 17. h3 Bxf3 18. Bxf3 Qf5 19. Bg4 Qe4 20. f3 Qa4+
21. Ke2 f5 22. Bh5 g6 23. Qd2 d4 24. e4 Qc4+ 25. Kf2 fxe4 0-1

[Event "C.to Mondiale U14"]
[Site "Vung Tau VIE"]
[Date "2008.10.28"]
[Round "9"]
[White "Paltrinieri, Nicholas"]
[Black "Azhar, Muhammad Syakir Shazmeer"]
[Result "1-0"]
[WhiteElo "1948"]
[BlackElo "1844"]
[PlyCount "51"]
[EventDate "2008.10.20"]

1. d4 g6 2. e4 d6 3. Nc3 Bg7 4. Be3 Nf6 5. f3 c6 6. Qd2 O-O 7. Bh6 e5 8. Bxg7
Kxg7 9. O-O-O Qe7 10. g4 b5 11. Nge2 Nbd7 12. Ng3 Nb6 13. h4 a5 14. h5 b4 15.
Nb1 Be6 16. b3 Rfd8 17. Be2 Qc7 18. Rdg1 Rd7 19. Nf5+ Kg8 20. Qh6 Ne8 21. Nh4
Ng7 22. Nd2 d5 23. f4 exf4 24. Ndf3 c5 25. Ng5 Ne8 26. Qxh7+ 1-0

[Event "C.to Mondiale U14"]
[Site "Vung Tau VIE"]
[Date "2008.10.29"]
[Round "10"]
[White "Azhar, Muhammad Syakir Shazmeer"]
[Black "Bisi, Samuele"]
[Result "1-0"]
[WhiteElo "1844"]
[BlackElo "1626"]
[PlyCount "65"]
[EventDate "2008.10.20"]

1. e4 e5 2. Nf3 Nf6 3. Nxe5 d6 4. Nf3 Nxe4 5. d4 d5 6. Bd3 Bd6 7. O-O O-O 8. h3
c6 9. c4 Nd7 10. Nc3 Nxc3 11. bxc3 Nf6 12. cxd5 cxd5 13. c4 dxc4 14. Bxc4 Qc7
15. Bb3 Bd7 16. Be3 Bb5 17. Re1 Bb4 18. Bd2 Bxd2 19. Qxd2 Qd6 20. Re5 Bc6 21.
d5 Bb5 22. Rae1 Nd7 23. R5e3 Nc5 24. Qb4 Ba6 25. Nd4 b6 26. Nf5 Qd7 27. Bc2 Kh8
28. Qg4 g6 29. Qd4+ f6 30. Re7 Qd8 31. Re8 Qd7 32. Qxf6+ Kg8 33. Nh6# 1-0

[Event "C.to Mondiale U14"]
[Site "Vung Tau VIE"]
[Date "2008.10.29"]
[Round "10"]
[White "Modi, Jaishil Bhadrashil"]
[Black "Paltrinieri, Nicholas"]
[Result "0-1"]
[WhiteElo "1613"]
[BlackElo "1948"]
[PlyCount "110"]
[EventDate "2008.10.20"]

1. e4 d5 2. exd5 Nf6 3. d4 Nxd5 4. c4 Nb6 5. Nf3 g6 6. Be3 Bg7 7. h3 O-O 8. Nc3
Nc6 9. Be2 e5 10. d5 Ne7 11. O-O Nf5 12. Bc5 Re8 13. Ne4 Nd6 14. Nxd6 cxd6 15.
Ba3 Qc7 16. Rc1 Nd7 17. Nd2 f5 18. Qb3 b6 19. Rc2 e4 20. Rfc1 Nc5 21. Qg3 a5
22. Nb3 a4 23. Nxc5 bxc5 24. Rb1 Bd7 25. f4 Re7 26. Kh1 Bd4 27. Bf1 Rg7 28. Qe1
h6 29. g3 g5 30. Rg2 Kh7 31. Qc1 Be8 32. Be2 gxf4 33. Qxf4 Bd7 34. b4 axb3 35.
Rxb3 Be5 36. Qd2 Rag8 37. Bf1 Rxg3 38. Rgxg3 Rxg3 39. Bc1 Rg6 40. Be2 f4 41.
Bb2 Qd8 42. Rb7 Rg7 43. Bxe5 dxe5 44. Bf1 Qg5 45. Qh2 f3 46. Qf2 e3 47. Bd3+
Bf5 48. Rxg7+ Kxg7 49. Qc2 Qg2+ 50. Qxg2+ fxg2+ 51. Kxg2 Bxd3 52. d6 Kf7 53.
Kf3 e2 54. Kf2 Bxc4 55. a4 Ke6 0-1

[Event "C.to Mondiale U14 femminile"]
[Site "Vung Tau VIE"]
[Date "2008.10.20"]
[Round "1"]
[White "Bakri, Alia Anin Azwa"]
[Black "Pes, Eleonora"]
[Result "1/2-1/2"]
[WhiteElo "1907"]
[BlackElo "1605"]
[PlyCount "76"]
[EventDate "2008.10.20"]

1. d4 Nf6 2. c4 e6 3. Nc3 d5 4. e3 c5 5. Nf3 Nbd7 6. cxd5 exd5 7. dxc5 Nxc5 8.
Be2 Be6 9. O-O Be7 10. Nd4 O-O 11. b3 Nfe4 12. Bb2 Nxc3 13. Bxc3 Ne4 14. Bb2
Bf6 15. Bf3 Ng5 16. Qe2 Rc8 17. Rac1 Qd7 18. Rfd1 Bxd4 19. Rxd4 Rxc1+ 20. Bxc1
Rc8 21. Bb2 Nxf3+ 22. gxf3 Qc6 23. Rd2 Bf5 24. Qf1 d4 25. Rxd4 Qc2 26. Qd1 h6
27. Rd8+ Kh7 28. Qd4 f6 29. Rxc8 Bxc8 30. Qe4+ Qxe4 31. fxe4 Bg4 32. Kg2 Kg6
33. Kg3 h5 34. e5 a6 35. b4 Be6 36. a3 Kf5 37. exf6 gxf6 38. f3 Kg6 1/2-1/2

[Event "C.to Mondiale U14 femminile"]
[Site "Vung Tau VIE"]
[Date "2008.10.21"]
[Round "2"]
[White "Pes, Eleonora"]
[Black "Iwanow, Anna"]
[Result "0-1"]
[WhiteElo "1605"]
[BlackElo "1961"]
[PlyCount "56"]
[EventDate "2008.10.20"]

1. e4 c5 2. Nc3 Nc6 3. Bb5 d6 4. Bxc6+ bxc6 5. d3 Nf6 6. f4 g6 7. Nf3 Bg7 8.
O-O O-O 9. Qe1 Rb8 10. Qh4 Qc7 11. f5 e6 12. fxg6 fxg6 13. Ne2 Ba6 14. Ng5 Rbe8
15. Nf4 Bc8 16. Bd2 e5 17. Ne2 d5 18. Ng3 Qe7 19. Rae1 Ba6 20. Rf2 Qd7 21. Ref1
h6 22. Nf3 Ng4 23. Re2 c4 24. Ne1 Rxf1+ 25. Kxf1 cxd3 26. cxd3 Bc8 27. h3 Qf7+
28. Kg1 Bf6 0-1

[Event "C.to Mondiale U14 femminile"]
[Site "Vung Tau VIE"]
[Date "2008.10.22"]
[Round "3"]
[White "Krumova, Ani"]
[Black "Pes, Eleonora"]
[Result "1-0"]
[WhiteElo "1807"]
[BlackElo "1605"]
[PlyCount "47"]
[EventDate "2008.10.20"]

1. d4 Nf6 2. Nf3 e6 3. e3 d5 4. Bd3 c5 5. c3 Nc6 6. O-O Bd6 7. Nbd2 Qe7 8. dxc5
Bxc5 9. e4 e5 10. exd5 Nxd5 11. Ne4 f5 12. Nxc5 Qxc5 13. Bc2 Nb6 14. Bb3 Bd7
15. Be3 Qb5 16. a4 Qa6 17. Ng5 Nc4 18. Qd5 N6a5 19. Rad1 Qc6 20. Qf7+ Kd8 21.
Rxd7+ Qxd7 22. Rd1 Qxd1+ 23. Bxd1 Nd6 24. Ne6+ 1-0

[Event "C.to Mondiale U14 femminile"]
[Site "Vung Tau VIE"]
[Date "2008.10.22"]
[Round "4"]
[White "Pes, Eleonora"]
[Black "Bayarmaa, Bayarjargal"]
[Result "0-1"]
[WhiteElo "1605"]
[BlackElo "1832"]
[PlyCount "62"]
[EventDate "2008.10.20"]

1. e4 c5 2. Nc3 d6 3. Bb5+ Bd7 4. Bxd7+ Qxd7 5. d3 Nc6 6. Be3 Nf6 7. f4 e6 8.
Nf3 Be7 9. O-O O-O 10. Qe1 d5 11. Bd2 d4 12. Ne2 b5 13. Qg3 c4 14. f5 exf5 15.
exf5 Rfd8 16. Bh6 Bf8 17. Bg5 Be7 18. Bh6 Ne8 19. Rae1 Kh8 20. Ng5 Bf6 21. Ne4
gxh6 22. Rf4 Be5 23. f6 Nb4 24. Nc5 Qc7 25. Nc1 Nxf6 26. Qh4 Bxf4 27. Qxf6+ Kg8
28. Re7 Bxh2+ 29. Kh1 Qf4 30. Qxf4 Bxf4 31. Ne2 Bd6 0-1

[Event "C.to Mondiale U14 femminile"]
[Site "Vung Tau VIE"]
[Date "2008.10.28"]
[Round "9"]
[White "Hapala, Lisa"]
[Black "Pes, Eleonora"]
[Result "1-0"]
[WhiteElo "1662"]
[BlackElo "1605"]
[PlyCount "97"]
[EventDate "2008.10.20"]

1. e4 d5 2. exd5 Nf6 3. d4 Bg4 4. f3 Bf5 5. Bd3 Bxd3 6. Qxd3 Qxd5 7. Nc3 Qa5 8.
a3 e6 9. Qb5+ Qxb5 10. Nxb5 Bd6 11. c4 a6 12. Nxd6+ cxd6 13. Ne2 Nc6 14. b4 O-O
15. Kf2 Rac8 16. Be3 d5 17. Rhc1 dxc4 18. Rxc4 Nd5 19. Rac1 Nce7 20. Nf4 Rxc4
21. Rxc4 Nxf4 22. Bxf4 Nd5 23. Be3 Re8 24. g4 h6 25. Rc5 Rd8 26. Bd2 Nb6 27.
Ke3 Nd5+ 28. Kd3 e5 29. dxe5 Nxb4+ 30. Kc3 Rd3+ 31. Kxb4 Rxd2 32. Rc8+ Kh7 33.
Rc7 Kg6 34. h4 Re2 35. h5+ Kh7 36. Rxf7 Rxe5 37. Rxb7 Kg8 38. Ra7 Re3 39. Rxa6
Rxf3 40. Rc6 Kf7 41. a4 Rf4+ 42. Rc4 Rf6 43. Kb5 Ke7 44. Rc7+ Kf8 45. a5 Rf4
46. a6 Kg8 47. a7 Rf8 48. Kb6 Kh7 49. Kb7 1-0

[Event "C.to Mondiale U16"]
[Site "Vung Tau VIE"]
[Date "2008.10.21"]
[Round "2"]
[White "Vaarala, Eric"]
[Black "Forato, Enrico"]
[Result "0-1"]
[WhiteElo "1880"]
[BlackElo "2109"]
[PlyCount "92"]
[EventDate "2008.10.20"]

1. e4 c5 2. Nf3 d6 3. d4 cxd4 4. Nxd4 Nf6 5. Nc3 a6 6. Bg5 e6 7. f4 Nbd7 8. Qf3
Qc7 9. O-O-O Be7 10. Bd3 h6 11. Bh4 b5 12. Qh3 b4 13. Nce2 Nc5 14. Qg3 g5 15.
fxg5 Nfxe4 16. Bxe4 Nxe4 17. Qf3 hxg5 18. Qxe4 Bb7 19. Nxe6 Qb6 20. Ng7+ Kf8
21. Qf5 Qe3+ 22. Kb1 Rxh4 23. Rhf1 Kxg7 24. Qxf7+ Kh8 25. Ng3 Rf8 26. Qxf8+
Bxf8 27. Rxf8+ Kh7 28. Rf7+ Kg6 29. Rxb7 Qe5 30. Rd7 Rd4 31. Rf1 Qd5 32. b3 Rd2
33. Re7 Rd1+ 34. Rxd1 Qxd1+ 35. Kb2 Qd4+ 36. Kb1 Qd1+ 37. Kb2 Qd4+ 38. Kb1 Qg1+
39. Kb2 Qxh2 40. Ne4 g4 41. g3 d5 42. Nc5 Qxg3 43. Nd3 Qd6 44. Re6+ Qxe6 45.
Nf4+ Kf5 46. Nxe6 Kxe6 0-1

[Event "C.to Mondiale U16"]
[Site "Vung Tau VIE"]
[Date "2008.10.22"]
[Round "3"]
[White "Ivekovic, Zvonimir"]
[Black "Forato, Enrico"]
[Result "1-0"]
[WhiteElo "2270"]
[BlackElo "2109"]
[PlyCount "115"]
[EventDate "2008.10.20"]

1. e4 c5 2. Nf3 d6 3. d4 cxd4 4. Nxd4 Nf6 5. Nc3 a6 6. Bc4 e6 7. Bg5 Be7 8. Qf3
Qb6 9. O-O-O Qc5 10. Bxf6 Bxf6 11. Qd3 b5 12. Bb3 Ra7 13. f4 Qxd4 14. Qxd4 Bxd4
15. Rxd4 Rd7 16. Rd2 Bb7 17. Re1 h6 18. f5 Ke7 19. Ne2 e5 20. Nc3 Rc7 21. a3
Nd7 22. Bd5 Bc8 23. g4 Nf6 24. Rg2 g6 25. h4 gxf5 26. gxf5 Rxc3 27. bxc3 Nxd5
28. exd5 Bxf5 29. Rf2 Bg4 30. c4 f5 31. c5 dxc5 32. Rxe5+ Kd6 33. Re6+ Kxd5 34.
Rxa6 h5 35. Rb6 Ra8 36. Kb2 Kd4 37. Re6 Kd5 38. Re7 Ra4 39. Rd2+ Rd4 40. Kc1 f4
41. c3 Rxd2 42. Kxd2 Kc4 43. Re5 f3 44. Ke3 Kxc3 45. Rxc5+ Kb3 46. Rxb5+ Kxa3
47. Rg5 f2 48. Kxf2 Bd1 49. Rd5 Bg4 50. Rb5 Ka4 51. Rb8 Ka5 52. Kg3 Ka6 53. Kf4
Ka7 54. Rb2 Ka6 55. Kg5 Ka5 56. Kg6 Ka6 57. Rb8 Ka7 58. Rb5 1-0

[Event "C.to Mondiale U16"]
[Site "Vung Tau VIE"]
[Date "2008.10.24"]
[Round "6"]
[White "Forato, Enrico"]
[Black "Binder, Michael"]
[Result "1-0"]
[WhiteElo "2109"]
[BlackElo "2181"]
[PlyCount "37"]
[EventDate "2008.10.20"]

1. g3 d5 2. Bg2 c6 3. c4 Nf6 4. Nf3 Bf5 5. O-O e6 6. d4 Bd6 7. Nc3 h6 8. Nd2
Nbd7 9. e4 dxe4 10. Ndxe4 Be7 11. Nxf6+ Nxf6 12. d5 cxd5 13. cxd5 exd5 14. Nxd5
Nxd5 15. Qxd5 Qxd5 16. Bxd5 O-O-O 17. Bxf7 Bf6 18. Bf4 Bxb2 19. Rac1+ 1-0